000 00909nam a2200265 i 4500
001 11181
003 ES-MaACL
005 20250811063129.0
007 t|
008 960214r19921995sp ||||1| spa d
020 _a84-309-2201-6
080 _a347(460)(075.8)
100 1 _aDíez-Picazo, Luis,
_d1931-
_9156922
245 1 0 _aSistema de derecho civil /
_cLuis Díez-Picazo, Antonio Gullón.
250 _a[8 ed., 3ª reimp.].
260 _aMadrid :
_bTecnos,
_c1992 (
_g1995 imp.)
300 _a<1> ;
_c24 cm.
490 1 _aBiblioteca universitaria de Editorial Tecnos
505 8 _aV.1. Introducción. Derecho de la persona. Autonomía privada. Persona jurídica
650 0 4 _aDerecho civil-
_zEspaña
_911659
700 1 _aGullón, Antonio.
_960934
830 0 _aBiblioteca universitaria de Editorial Tecnos
_9178819
852 _aES-MaACL
_jL-18483
_bR.124806
999 _c11181
_d11181